[Event "Catalunya-chB"]
[Site "Spain"]
[Date "1996.10.27"]
[Round "4"]
[White "Roca Rufat, Josep Maria"]
[Black "Arza Garcia, Marc"]
[Result "0-1"]
[WhiteElo "1835"]
[BlackElo "1815"]
[PlyCount "100"]
[EventDate "1997.??.??"]
[EventType "swiss"]
[EventRounds "8"]
[EventCountry "ESP"]
[SourceTitle "EXT 2003"]
[Source "ChessBase"]
[SourceDate "2002.11.25"]
[SourceVersion "1"]
[SourceVersionDate "2002.11.25"]
[SourceQuality "1"]

1. Nf3 Nc6 2. d4 d5 3. Nc3 Nf6 4. e3 Bg4 5. h3 Bh5 6. Bb5 e6 7. g4 Bg6 8. Bxc6+ bxc6 9. Ne5 c5 10. Nxg6 hxg6 11. dxc5 Bxc5 12. Bd2 Bb4 13. Qe2 Bxc3 14. Bxc3 Ne4 15. Bxg7 Rh7 16. Bd4 c5 17. Be5 a6 18. f3 Qh4+ 19. Kf1 Ng3+ 20. Bxg3 Qxg3 21. Qg2 Qe5 22. c3 Qxe3 23. Qe2 Qxe2+ 24. Kxe2 g5 25. b3 a5 26. Ke3 f6 27. Rad1 Ke7 28. Rh2 Rah8 29. Rdh1 e5 30. Kd3 Kd6 31. a3 Rb7 32. Rb2 c4+ 33. Kc2 cxb3+ 34. Rxb3 Rhb8 35. Rxb7 Rxb7 36. h4 gxh4 37. Rxh4 a4 38. g5 fxg5 39. Rxa4 Rf7 40. Rg4 Rxf3 41. Rxg5 e4 42. Rg8 Rf2+ 43. Kb3 Rf3 44. Kb4 e3 45. Rg1 Rf2 46. Re1 Rb2+ 47. Ka5 e2 48. a4 Kc5 49. Ka6 Kc4 50. a5 Kxc3 0-1